Responses for Show #3263 - Wednesday, November 11, 1998

1998 Boston Week game 3.
From the Wang Center for the Performing Arts in Boston, Massachusetts.

Contestants

[<< previous game]

Carla Gonzalez, a judicial law clerk from Wilmington, North Carolina

Dave Troy, a food & beverage director from Vernon, Connecticut

Robin Shepherd, a contract administrator from Phillipsburg, Pennsylvania (whose 1-day cash winnings total $6,700)

[next game >>]

Jeopardy! Round responses

13
COLONIES
READING, WRITING & ROCK & ROLL
THE KENNEDYS
SEPTEMBER 1984
(Alex: The month & year this program went on the air)
JUDGE NOT
    $100 3
Jesus

Carla
    $100 10
Coral

Carla
    $100 1
Harper Valley

Robin
    $100 6
Edward (Ted) Kennedy

Robin
    $100 12
Hurricane

Carla
    $100 15
Slam

Dave
    $200 4
Kojak

Dave
    $200 11
Bats

Dave
    $200 2
"Beauty School Dropout"

Carla
    $200 7
John F. Kennedy, Jr.

Carla
    $200 14
(Robin: What is Gremlins?)

Ghostbusters

RobinDave
    $200 16
Nose

Carla
    $300 5
Coven

Carla
    $300 22
The Lost Colony

Dave
    $300 27
To Sir, With Love

Triple Stumper
    $300 8
Caroline

Carla
    $300 17
Walter Mondale

Dave
    $300 24
Trash

Carla
    $400 20
Judaism

Triple Stumper
    $400 23
Termites

Triple Stumper
    $400 26
"Wonderful World"

Dave
    $400 9
Joseph Kennedy

Carla
    $400 18
Muammar Qadhafi

Carla
    $400 25
(Alex: We have about a minute left.)

aspersions

Robin
    $500 21
(Carla: Who are the Teutonic Knights?)

the Knights Templar

Carla
Triple Stumper
    $500 29
(Carla: Who were the Greeks?)

the Phoenicians

Carla
Triple Stumper
    $500 28
"Be True To Your School"

Triple Stumper
    $500 13
Robert F. Kennedy, Jr.

Carla
    $500 19
(Carla: What is Russia?)

Taiwan

Carla
Triple Stumper
    $500 30
(Dave: What is sneer?)

gloat

Dave

Scores at the first commercial break (after clue 14):

Robin Dave Carla
$0 $600 $2,200

Scores at the end of the Jeopardy! Round:

Robin Dave Carla
$400 $1,200 $1,600

Double Jeopardy! Round responses

THE 13 COLONIES
SPORTS LEGENDS
LET'S GET TOGETHER
ART & ARTISTS
THE AUTOBIOGRAPHY OF BEN FRANKLIN
"CAT"s & "DOG"s
    $200 4
New York

Robin
    $200 1
George Foreman

Robin
    $200 13
Peers

Robin
    $200 8
Auguste Rodin

Carla
    $200 24
(Carla: What is New York?)

Boston

RobinCarla
    $200 19
Dog ear

Robin
    $400 7
Virginia

Dave
    $400 2
Martina Navratilova

Robin
    $400 14
Squad

Carla
    $400 12
Francisco Goya

Carla
    $400 25
Declaration of Independence

Robin
    $400 20
Letting the cat out of the bag

Dave
    $600 9
Georgia

Robin
    $600 3
Chicago Cubs

Carla
    $600 16
Rabble

Dave
    $600 15
Marc Chagall

Triple Stumper
    $600 26
Slavery

Robin
    $600 21
Hair of the dog

Robin
    $600 10
(Robin: What is Virginia?)

Delaware

Robin
    $800 5
Jerry Rice

Carla
    $800 17
Where Are We Going?

Dave
    $800 27
France

Robin
    $800 22
(Alex: A minute to go, Robin.)

"Cat's In The Cradle"

Robin
    $1000 11
Rhode Island

Dave
    $1000 6
Mario Andretti

Robin
    $1000 18
(Dave: What is salon?)
...
(Alex: Derived from Maison de l'[*].)

Art Nouveau

Dave
Triple Stumper
    $1000 28
[The end-of-round signal sounds.]

the Hellfire Club

Dave
    $1000 23
Dog Days of August

Robin

Scores at the end of the Double Jeopardy! Round:

Robin Dave Carla
$7,000 $4,400 $3,800

[wagering suggestions for these scores]

Final Jeopardy! Round responses

BUSINESS & INDUSTRY
CarlaWhat is IBM?
$3,400
DaveWhat is General Electric?
$3,801
RobinWhat is AT&T?
$1,900
General Electric

Final scores:

Robin Dave Carla
$5,100 $8,201 $400
2nd place: a trip to Loew's L'Enfant Plaza Hotel, Washington, D.C. New champion: $8,201 3rd place: a DirecTV satellite system

Game dynamics:

Coryat scores:

Robin Dave Carla
$7,600 $4,900 $3,800
17 R
(including 1 DD),
2 W
(including 1 DD)
13 R,
2 W
(including 1 DD)
17 R,
4 W

Combined Coryat: $16,300

[game clues] [game scores] [suggest correction]

Game tape date: 1998-09-18
The J! Archive is created by fans, for fans. Scraping, republication, monetization, and malicious use prohibited; this site may use cookies and collect identifying information. See terms. The Jeopardy! game show and all elements thereof, including but not limited to copyright and trademark thereto, are the property of Jeopardy Productions, Inc. and are protected under law. This website is not affiliated with, sponsored by, or operated by Jeopardy Productions, Inc. Join the discussion at JBoard.tv.